MARC

LEADER 00000naa2a2200000 4500
001 425658
005 20231101074431.0
035 |a (RuTPU)RU\TPU\prd\84275 
035 |a RU\TPU\tpu\5238 
090 |a 425658 
100 |a 20100622d1966 k y0rusy50 ba 
101 0 |a rus 
102 |a RU 
200 1 |a Электронный синхротрон на 1,5 Гэв Томского политехнического института  |f А. А. Воробьёв [и др.] 
461 0 |0 (RuTPU)RU\TPU\prd\33  |t Атомная энергия  |d 1956- 
463 0 |0 (RuTPU)RU\TPU\prd\18421  |t Т. 21, вып. 6  |v С. 435-439  |d 1966 
610 1 |a электроника 
610 1 |a труды учёных ТПУ 
610 1 |a рентгенотехника 
610 1 |a ускорители 
701 1 |a Воробьев  |b А. А.  |c российский физик  |c ректор Томского политехнического института, профессор  |f 1909-1981  |g Александр Акимович  |2 stltpush  |3 (RuTPU)RU\TPU\pers\12805  |4 070 
701 1 |a Волков  |b М. Н. 
701 1 |a Власов  |b А. Г. 
701 1 |a Визирь  |b В. А. 
701 1 |a Габрусенко  |b И. А. 
701 1 |a Дворецкий  |b М. И. 
701 1 |a Димов  |b Г. И. 
701 1 |a Диденко  |b А. Н.  |c физик  |c профессор Томского политехнического университета (до 1987 г.)  |c с 1988 г. заведующий кафедрой Московского инженерно-физического института  |c советник Российской академии наук  |f 1932-  |g Андрей Николаевич  |2 stltpush  |3 (RuTPU)RU\TPU\pers\19779 
701 1 |a Ивашин  |b В. В. 
701 1 |a Епонешников  |b В. Н. 
701 1 |a Кочегуров  |b В. А.  |c математик  |c профессор Томского политехнического университета  |f 1931-  |g Владимир Александрович  |2 stltpush  |3 (RuTPU)RU\TPU\pers\13833 
701 1 |a Кузнецов  |b В. М. 
701 1 |a Кузнецов  |b С. А. 
701 1 |a Кузьмин  |b В. Н. 
701 1 |a Калинин  |b Б. Н. 
701 1 |a Красноносеньких  |b П. П. 
701 1 |a Лащук  |b Н. А. 
701 1 |a Миненко  |b Л. И. 
701 1 |a Петров  |b Ю. К. 
701 1 |a Сипайлов  |b Г. А.  |c специалист в области электромеханики  |c профессор Томского политехнического университета  |f 1920-2004  |g Геннадий Антонович  |2 stltpush  |3 (RuTPU)RU\TPU\pers\12400 
701 1 |a Солнцев  |b Б. А. 
701 1 |a Фоменко  |b Г. П. 
701 1 |a Чучалин  |b И. П.  |c физик  |c ректор Томского института автоматизированных систем управления и радиоэлектроники (ТИАСУР) с 1972 по 1981 гг.  |c ректор Томского политехнического института (ТПИ) с 1981 по 1990 гг.  |c выпускник ФТФ ТПИ 1951 г.  |f 1925-  |g Иван Петрович  |2 stltpush  |3 (RuTPU)RU\TPU\pers\11823 
701 1 |a Шивырталов  |b М. Т. 
701 1 |a Щанин  |b П. М. 
801 0 |a RU  |b 63413507  |c 20011210  |g PSBO 
801 2 |a RU  |b 63413507  |c 20150903  |g PSBO 
942 |c BK